000 00704nmm a2200265 a 4500
001 5003961
005 20180302081003.0
008 970702s1995 cau b eng
010 _a 97802601
040 _aDLC
_cDLC
041 _aeng
080 _a011
082 1 0 _a011
_212
100 _a28
101 _aSHK
245 0 0 _aEndNote 2 plus
246 3 _aEnd note 2 plus
246 3 _aEndNote two plus
246 3 _aEndNote II plus
246 1 _iTitle on t.p. of manual:
_aEndNote plus 2.0
256 _aComputer program.
906 _a7
_bcbc
_corignew
_du
_encip
_f19
_gy-gencompf
942 _2ddc
_cBK
999 _c44060
_d44060